Govt. of
Madhya Pradesh

2024 edition RAILWAY RPF/RPSF CONSTABLE Male/Female online exam PRACTICE WORK BOOK with explanations including solved papers of 2019 (Record no. 67192)

MARC details
000 -LEADER
fixed length control field 00490nam a22001577a 4500
003 - CONTROL NUMBER IDENTIFIER
control field MACL
005 - DATE AND TIME OF LATEST TRANSACTION
control field 20241019154019.0
008 - FIXED-LENGTH DATA ELEMENTS--GENERAL INFORMATION
fixed length control field 241019b |||||||| |||| 00| 0 eng d
040 ## - CATALOGING SOURCE
Transcribing agency MACL
082 ## - DEWEY DECIMAL CLASSIFICATION NUMBER
Classification number 001
Item number General Studies
100 ## - MAIN ENTRY--PERSONAL NAME
Personal name Kiran
245 ## - TITLE STATEMENT
Title 2024 edition RAILWAY RPF/RPSF CONSTABLE Male/Female online exam PRACTICE WORK BOOK with explanations including solved papers of 2019
260 ## - PUBLICATION, DISTRIBUTION, ETC. (IMPRINT)
Place of publication, distribution, etc. NEW DELHI
Name of publisher, distributor, etc. Kiran
Date of publication, distribution, etc. 2024
610 ## - SUBJECT ADDED ENTRY--CORPORATE NAME
Corporate name or jurisdiction name as entry element General Studies
9 (RLIN) 82584
942 ## - ADDED ENTRY ELEMENTS (KOHA)
Source of classification or shelving scheme
Koha item type Books
Holdings
Withdrawn status Lost status Source of classification or shelving scheme Damaged status Not for loan Home library Current library Date acquired Cost, normal purchase price Total Checkouts Full call number Barcode Date last seen Price effective from Koha item type
          MACL MACL 19/10/2024 295.00   001 General Studies DPI002467 19/10/2024 19/10/2024 Books
          MACL MACL 19/10/2024 295.00   001 General Studies DPI002465 19/10/2024 19/10/2024 Books
          MACL MACL 19/10/2024 295.00   001 General Studies DPI002466 19/10/2024 19/10/2024 Books